000 00689nam a22001937a 4500
005 20231212114521.0
010 _aENG-138117
020 _a9789357059213
_c1025.00
035 _aEN-121649
037 _bDBAD/PUB
082 _a515.353
100 _aDas, P. Sivaramakrishna
_959778
245 _aIntegrals, Transforms and Partial Differential Equations/
_cBy P. Sivaramakrishna Das and C. Vijayakumari
260 _aUttar Pradesh
_bPearson India Education Pvt. Ltd
_c2023
270 _a1st Floor, Berger Tower , Plot no. C-001A/2 Sector 16b
_bNoida
_e201301
300 _avp.
_c24cm(pbk)
700 _aC. Vijayakumari
_956858
_eAuthor
942 _2ddc
_cEN
_h515.353
_mDAS
999 _c198310
_d198310